Top 100 Biggest Cities in Alaska - Statistics

General Stats
  • This quiz has been taken 1,349 times
    238 since last reset
  • The average score is 20 of 100
Answer Stats
# City Population % Correct
1 Anchorage 291,247
99%
3 Juneau 32,255
98%
2 Fairbanks 32,515
97%
25 Utqiaġvik 4,927
77%
12 Sitka 8,458
76%
33 Nome 3,699
74%
13 Ketchikan 8,192
71%
9 Wasilla 9,054
66%
21 Kodiak 5,581
61%
29 Unalaska 4,254
59%
22 Homer 5,522
52%
46 North Pole 2,243
48%
31 Valdez 3,985
47%
16 Bethel 6,325
46%
14 Kenai 7,424
46%
19 Palmer 5,888
46%
39 Seward 2,717
45%
65 Skagway 1,164
34%
28 Soldotna 4,342
33%
50 Wrangell 2,127
33%
36 Kotzebue 3,102
30%
63 Prudhoe Bay 1,310
30%
6 College 11,332
29%
41 Cordova 2,609
29%
44 Dillingham 2,249
27%
52 Houston 1,975
25%
55 Haines 1,657
23%
68 Talkeetna 1,055
21%
5 Badger 19,031
20%
37 Petersburg 3,043
20%
4 Knik-Fairview 19,297
18%
64 Tok 1,243
18%
96 Yakutat 657
17%
76 Delta Junction 918
15%
75 Hoonah 931
15%
11 Kalifornsky 8,487
13%
81 Togiak 817
12%
47 Willow 2,196
12%
51 Anchor Point 2,105
11%
32 Big Lake 3,833
11%
70 Craig 1,036
11%
24 Fishhook 5,048
11%
73 Healy 966
11%
8 Meadow Lakes 9,197
10%
7 North Lakes 9,450
10%
86 Unalakleet 765
10%
56 Akutan 1,589
9%
20 Gateway 5,748
9%
T97 Gustavus 655
9%
10 Tanaina 8,817
9%
34 Butte 3,589
8%
38 Farm Loop 2,747
8%
61 Hooper Bay 1,375
8%
77 Ninilchik 845
8%
79 Point Hope 830
8%
23 South Lakes 5,229
8%
40 Eielson AFB 2,647
7%
60 Metlakatla 1,405
7%
27 Nikiski 4,456
7%
83 Selawik 809
7%
15 Steele Creek 6,437
7%
18 Sterling 5,918
7%
88 Alakanuk 756
6%
71 Buffalo Soapstone 1,021
6%
17 Chena Ridge 6,015
6%
59 Cohoe 1,471
6%
42 Ester 2,416
6%
26 Farmers Loop 4,704
6%
66 Funny River 1,103
6%
87 King Cove 757
6%
84 Knik River 792
6%
58 Lazy Mountain 1,506
6%
78 Savoonga 835
6%
69 Sutton-Alpine 1,038
6%
54 Kodiak Station 1,673
5%
53 Point MacKenzie 1,829
5%
49 Bear Creek 2,129
4%
74 Chevak 951
4%
43 Deltana 2,359
4%
80 Emmonak 825
4%
100 Fox River 644
4%
45 Fritz Creek 2,248
4%
35 Goldstream 3,299
4%
91 Happy Valley 713
4%
90 Klawock 720
4%
T97 Kotlik 655
4%
93 Noorvik 694
4%
85 Quinhagak 776
4%
48 Ridgeway 2,136
4%
67 Salamatof 1,078
4%
72 Salcha 977
4%
57 Susitna North 1,564
4%
99 Two Rivers 650
4%
89 Womens Bay 743
4%
94 Akiachak 677
3%
62 Diamond Ridge 1,330
3%
92 Kipnuk 704
3%
82 Kwethluk 812
3%
30 Mill Bay 4,216
3%
95 Toksook Bay 658
3%
No matching quizzes found
Score Distribution
Percent of People with Each Score
Percentile by Number Answered
Your Score History
You have not taken this quiz since the last reset